Institutions for industrial finance & development (Record no. 423456)

000 -LEADER
fixed length control field 00357cam a22001097a 4500
008 - FIXED-LENGTH DATA ELEMENTS--GENERAL INFORMATION
fixed length control field 180718b1955 xxu||||| |||| 00| 0 eng d
082 ## - DEWEY DECIMAL CLASSIFICATION NUMBER
Classification number T312x54 In2i
245 ## - TITLE STATEMENT
Title Institutions for industrial finance & development
Statement of responsibility, etc. by LoK Sabha Secretariat, India
260 ## - PUBLICATION, DISTRIBUTION, ETC.
Place of publication, distribution, etc. New Delhi
Name of publisher, distributor, etc. LoK Sabha Secretariat
Date of publication, distribution, etc. 1955
300 ## - PHYSICAL DESCRIPTION
Extent 47p
700 ## - ADDED ENTRY--PERSONAL NAME
Personal name India. LoK Sabha Secretariat
Holdings
Withdrawn status Lost status Damaged status Not for loan Permanent Location Current Location Date acquired Full call number Barcode Date last seen Price effective from Koha item type
        Indian Institute of Public Administration Indian Institute of Public Administration 2009-09-03 T312x54 In2i 22757 2018-07-21 2018-07-21 Book

Powered by Koha